<?xml version="1.0" encoding="UTF-8"?>
<record
    xmlns:xsi="http://www.w3.org/2001/XMLSchema-instance"
    xsi:schemaLocation="http://www.loc.gov/MARC21/slim http://www.loc.gov/standards/marcxml/schema/MARC21slim.xsd"
    xmlns="http://www.loc.gov/MARC21/slim">

  <leader>01626nam a22002177a 4500</leader>
  <controlfield tag="005">20250625163247.0</controlfield>
  <controlfield tag="008">250625b        |||||||| |||| 00| 0 eng d</controlfield>
  <datafield tag="020" ind1=" " ind2=" ">
    <subfield code="a">9780349438382</subfield>
  </datafield>
  <datafield tag="040" ind1=" " ind2=" ">
    <subfield code="c">AL</subfield>
  </datafield>
  <datafield tag="041" ind1=" " ind2=" ">
    <subfield code="a">English</subfield>
  </datafield>
  <datafield tag="082" ind1=" " ind2=" ">
    <subfield code="2">23</subfield>
    <subfield code="a">813.6</subfield>
    <subfield code="b">HUAI</subfield>
  </datafield>
  <datafield tag="100" ind1=" " ind2=" ">
    <subfield code="a">Ana Huang</subfield>
    <subfield code="9">216143</subfield>
  </datafield>
  <datafield tag="245" ind1=" " ind2=" ">
    <subfield code="a">If we were perfect</subfield>
  </datafield>
  <datafield tag="260" ind1=" " ind2=" ">
    <subfield code="a">London</subfield>
    <subfield code="b">Piatkus</subfield>
    <subfield code="c">2023</subfield>
  </datafield>
  <datafield tag="300" ind1=" " ind2=" ">
    <subfield code="a">316p</subfield>
    <subfield code="b">PB</subfield>
    <subfield code="c">20x12.5cm.</subfield>
  </datafield>
  <datafield tag="365" ind1=" " ind2=" ">
    <subfield code="2">General</subfield>
    <subfield code="a">1546</subfield>
    <subfield code="b">&#x20B9;479.00</subfield>
    <subfield code="c">&#x20B9;</subfield>
    <subfield code="d">&#x20B9;599.00</subfield>
    <subfield code="e">20%</subfield>
    <subfield code="f">21/06/2025</subfield>
  </datafield>
  <datafield tag="440" ind1=" " ind2=" ">
    <subfield code="a">Twisted series 4</subfield>
    <subfield code="9">216144</subfield>
  </datafield>
  <datafield tag="520" ind1=" " ind2=" ">
    <subfield code="a">Olivia had a plan: MBA, Wall Street VP by thirty-two, marriage and two children (preferably twins because efficiency.
Not in her plan? Losing half her belongings in an apartment flood and being forced to turn to her ex for help.
Definitely not in her plan? Moving into said ex's house and watching him walk around shirtless, bake her cupcakes, and look at her with those shouldering Wait, what was she talking about again between his bakery and meddling family, Sammy had enough on his plate without bringing the ex he'd never been able to forget into the mix. But when Olivia asks for his help, he couldn't say no. He could, however, make her regret breaking his heart - as long as he doesn't do anything foolish, like sneak into her room and kiss her senseless  passion slowly replaces their dislike for each other, Sammy and Olivia discover their past isn't what it seems and their future is anything but certain. Can they overcome their pride and give love a second chance, or is history doomed to repeat itself.</subfield>
  </datafield>
  <datafield tag="650" ind1=" " ind2=" ">
    <subfield code="2">American Fiction in English</subfield>
    <subfield code="a">Literature</subfield>
    <subfield code="9">216145</subfield>
  </datafield>
  <datafield tag="942" ind1=" " ind2=" ">
    <subfield code="2">ddc</subfield>
    <subfield code="c">BK</subfield>
  </datafield>
  <datafield tag="999" ind1=" " ind2=" ">
    <subfield code="c">234541</subfield>
    <subfield code="d">234541</subfield>
  </datafield>
  <datafield tag="952" ind1=" " ind2=" ">
    <subfield code="0">0</subfield>
    <subfield code="1">0</subfield>
    <subfield code="2">ddc</subfield>
    <subfield code="4">0</subfield>
    <subfield code="7">0</subfield>
    <subfield code="8">MAENG</subfield>
    <subfield code="a">SACPG</subfield>
    <subfield code="b">SACPG</subfield>
    <subfield code="d">2025-06-25</subfield>
    <subfield code="e">Biblios Book Point </subfield>
    <subfield code="g">479.00</subfield>
    <subfield code="l">3</subfield>
    <subfield code="o">813.6 HUAI</subfield>
    <subfield code="p">PG025035</subfield>
    <subfield code="r">2026-02-23 15:18:45</subfield>
    <subfield code="s">2026-02-18</subfield>
    <subfield code="v">599.00</subfield>
    <subfield code="w">0000-00-00</subfield>
    <subfield code="y">BK</subfield>
  </datafield>
</record>
